Biblioteca

The pastor as minor poet (Registro nro. 64206)

Detalles MARC
000 -LÍDER
Campo fijo de descripción fija 01747nam a22004094i 4500
001 - NÚMERO DE CONTROL
Campo de control 717213
003 - IDENTIFICADOR DEL NÚMERO DE CONTROL
Campo de control CO-MdFUSB
005 - FECHA Y HORA DE LA ULTIMA TRANSACCIÓN
control field 20180312110009.0
008 - ELEMENTOS DE LONGITUD FIJA -- INFORMACIÓN GENERAL
Campo fijo de descripción fija -- Información general 080818s2009 miu g b 000 0 eng
010 ## - NÚMERO DE CONTROL DE LA BIBLIOTECA DEL CONGRESO
Número de control LC 2008036170
020 ## - NÚMERO INTERNACIONAL NORMALIZADO PARA LIBROS
Número Internacional Normalizado del libro 9780802829627 (pbk. : alk. paper)
020 ## - NÚMERO INTERNACIONAL NORMALIZADO PARA LIBROS
Número Internacional Normalizado del libro 0802829627 (pbk. : alk. paper)
040 ## - FUENTE DE CATALOGACIÓN
Agencia de catalogación original DLC
Agencia que realiza la modificación BTCTA
-- IMC
-- C#P
-- BWX
-- YDXCP
-- CO-MdFUSB
-- CO-MdFUSB
Idioma de catalogación spa
Agencia que realiza la transcripción CO-MdFUSB
Convenciones de la descripción rda
041 ## - CÓDIGO DE IDIOMA
Código de idioma para texto/pista de sonido o título separado eng
049 ## - LOCAL HOLDINGS (OCLC)
Holding library PTSS
082 00 - NÚMERO DE CLASIFICACIÓN DECIMAL DEWEY
Número de la edición del Dewey 24
Número de clasificación G 253
Clave de autor-Numero de item B261p
100 1# - ASIENTO PRINCIPAL--NOMBRE PERSONAL
Nombre personal Barnes, M. Craig.
Término relacionador autor
242 13 - TRADUCCIÓN DEL TÍTULO POR AGENCIA CATALOGADORA
Título El pastor como poeta menor
Parte restante del título - Subtítulo : textos y subtextos en la vida ministerial
Idioma del título original Inglés
245 14 - TÍTULO
Título del Material The pastor as minor poet
Parte restante del título - Subtitulo : texts and subtexts in the ministerial life
Mención de responsabilidad, etc. / M. Craig Barnes.
264 #1 - PRODUCCIÓN, PUBLICACIÓN, DISTRIBUCIÓN, MANUFACTURA, Y COPYRIGHT
Lugar de producción, publicación, distribución, manufactura Grand Rapids, Mich. :
Nombre del productor, publicador, distribuidor William B. Eerdmans Publishing Company ;
Fecha de producción, publicación, distribución, manufactura, o copyright ℗2009
264 #4 - PRODUCCIÓN, PUBLICACIÓN, DISTRIBUCIÓN, MANUFACTURA, Y COPYRIGHT
Fecha de producción, publicación, distribución, manufactura, o copyright ©2009
300 ## - DESCRIPCIÓN FÍSICA
Extensión vii, 138 páginas ;
Dimensiones 23 cm.
Otros detalles físicos :
336 ## - TIPO DE CONTENIDO
Fuente rdacontent
Término de tipo de contenido texto
Código de tipo de contenido txt
337 ## - TIPO DE MEDIO
Fuente rdamedia
Nombre del tipo de medio sin mediación
Código del tipo de medio n
338 ## - TIPO DE SOPORTE
Fuente rdacarrier
Nombre del tipo de soporte volumen
Código Tipo de soporte nc
490 1# - MENCIÓN DE SERIE
Mención de serie The Calvin Institute of Christian worship liturgical studies series
504 ## - NOTA DE BIBLIOGRAFÍA, ETC.
Nota de bibliografía, etc Incluye referencias bibliográficas (páginas 137-138)
505 0# - NOTA DE CONTENIDO
Nota de contenido con formato preestablecido El llamado del poeta menor -- ¿Quién es el pastor? -- El poeta de la parroquia -- La congregación antipoética -- El pathos del poeta -- La comunidad poética -- El oficio del poeta menor -- El subtexto de la Escritura -- El subtexto de la vida humana -- El subtexto del poeta -- Escribiendo la poesía
563 ## - NOTA DE ENCUADERNACIÓN
Nota de encuadernación Rústica
650 #7 - ASIENTO SECUNDARIO DE MATERIA - TERMINO TEMÁTICO
Término temático o nombre geográfico como elemento de entrada Teología pastoral
9 (RLIN) 227
650 #7 - ASIENTO SECUNDARIO DE MATERIA - TERMINO TEMÁTICO
Término temático o nombre geográfico como elemento de entrada Clero --
9 (RLIN) 41
Término temático que sigue al nombre geográfico como elemento de entrada Actividad política
942 ## - TIPO DE MATERIAL (KOHA)
Tipo de Item KOHA Libros General
Existencias
Estado de Material Estado de Perdido Forma de Clasificación Estado de Dañado No para Préstamo Colección Biblioteca de Origen Biblioteca Permanente Fecha de Adquisición Total de Préstamos Signatura Topográfica Código de Barras Última vez visto Ejemplar/Existencia Fecha de Remplazo Tipo de Material
    Dewey Decimal Classification     Colección General Biblioteca FUSBC Biblioteca FUSBC 21/02/2018   G 253 B261p 4036 12/12/2019 Ej. 1 21/02/2018 Libros General

Biblioteca FUSBC | Teléfono: (57+4) 349 88 10 Ext. 141| WhatsApp (+57) 3005338115 
E-mail: biblioteca@unisbc.edu.co | Calle 76 87-14 Robledo Palenque, Medellín, Colombia

Con tecnología Koha